Science Quiz

Random Science or Letter Quiz

3 Letter Body Parts Quiz Stats

 Plays Quiz Updated Sep 7, 2018

Support Sporcle.
Go Orange.
Score 0/10 Timer 02:00
13 Plays Today
Body Part % Correct
Eye
96.3%
Toe
94.4%
Ear
94.2%
Leg
91%
Arm
90.9%
Lip
69.6%
Hip
52.8%
Rib
40.1%
Gum
30.8%
Jaw
30.3%

You're not logged in!

Compare scores with friends on all Sporcle quizzes.
OR
Log In

From the Vault

NFL Two 350+ Yard Passers in a Game

by sultanofswing

This can only be good for your fantasy team.
Remove Ads.
Support Sporcle.
Get the best of Sporcle when you Go Orange. This ad-free experience offers more features, more stats, and more fun while also helping to support Sporcle. Thank you for becoming a member.

Show Comments

Extras

Top Quizzes Today


Score Distribution

Your Account Isn't Verified!

In order to create a playlist on Sporcle, you need to verify the email address you used during registration. Go to your Sporcle Settings to finish the process.

Report this User

Report this user for behavior that violates our Community Guidelines.

Details: